Electricity and magnetism for engineering students (Record no. 184192)
[ view plain ]
| 000 -LEADER | |
|---|---|
| fixed length control field | 01157 a2200169 4500 |
| 003 - CONTROL NUMBER IDENTIFIER | |
| control field | Nust |
| 005 - DATE AND TIME OF LATEST TRANSACTION | |
| control field | 20170207153339.0 |
| 040 ## - CATALOGING SOURCE | |
| Transcribing agency | Nust |
| 082 ## - DEWEY DECIMAL CLASSIFICATION NUMBER | |
| Classification number | 537 |
| 100 ## - MAIN ENTRY--PERSONAL NAME | |
| Personal name | Name: Hirst, A. W. |
| 245 ## - TITLE STATEMENT | |
| Title | Electricity and magnetism for engineering students |
| Statement of responsibility, etc. | by A.W. Hirst ... |
| 260 ## - PUBLICATION, DISTRIBUTION, ETC. | |
| Place of publication, distribution, etc. | London, Glasgow |
| Name of publisher, distributor, etc. | , Blackie & son limited, |
| Date of publication, distribution, etc. | 1936. |
| 300 ## - PHYSICAL DESCRIPTION | |
| Extent | xv, 388 p. illus., |
| Other physical details | diagrs. 23 cm. |
| 505 ## - FORMATTED CONTENTS NOTE | |
| Formatted contents note | Units and Mechanical Principles (Page-1) Electricity and Matter (Page-16) Electricity and Energy (Page-23) Effects of an Electric Current and Their Applications (Page-28) Magnetism (Page-37) The Electric Circuit (Page-75) Resistance and the Heating Effect Thermo-Electricity (Page-110) Electrolysis- Primary and Secondary Cells (Page-138) Electromagnetism (Page-157) Electromagnetic Induction (Page-192) Measuring Instruments (Page-222) The Magnetization of Iron and Steel (Page-243) The Magnetic Circuit (Page-298) Alternating Current Circuits (Page-281) Principle of Electrical Machines (Page-334) Principles of Electrostatics (Page-384) Elements of Thermionics (Page-431) |
| 538 ## - SYSTEM DETAILS NOTE | |
| System details note | Almirah No.17 and Shelf No.1 |
| 650 ## - SUBJECT ADDED ENTRY--TOPICAL TERM | |
| Topical term or geographic name entry element | Electricity and magnetism |
| 942 ## - ADDED ENTRY ELEMENTS (KOHA) | |
| Source of classification or shelving scheme | |
| Koha item type | Book |
| Withdrawn status | Lost status | Source of classification or shelving scheme | Damaged status | Not for loan | Collection code | Permanent Location | Current Location | Date acquired | Total Checkouts | Full call number | Barcode | Date last seen | Price effective from | Koha item type |
|---|---|---|---|---|---|---|---|---|---|---|---|---|---|---|
| Military College of Signals (MCS) | Military College of Signals (MCS) | 12/12/2016 | 537 HIR | MCS7267 | 12/08/2016 | 12/12/2016 | Book |
